Philosophy | 4 | 2 | 1 | 0 | 75 | 50 | 68.17 | 3 | 6 |
| 1 | 4 | 1 | 1 | 50 | 74 | 102.00 | 2 | 4 |
Beliefs | 1 | 2 | 0 | 0 | 35 | 41 | 89.67 | 1 | 3 |
Social Science | 0 | 4 | 1 | 0 | 35 | 75 | 97.25 | 2 | 4 |
Science - Physics | 1 | 2 | 1 | 0 | 30 | 51 | 70.00 | 1 | 3 |
Literature - British Literature | 0 | 2 | 0 | 1 | 20 | 85 | 113.00 | 0 | 1 |
Fine Arts - Auditory Fine Arts | 1 | 1 | 1 | 0 | 20 | 77 | 85.50 | 0 | 2 |
Fine Arts - Visual Fine Arts | 1 | 1 | 1 | 0 | 20 | 59 | 72.50 | 1 | 2 |
Other Arts: Auditory | 0 | 1 | 0 | 1 | 10 | 125 | 125.00 | 0 | 0 |
Geography | 1 | 0 | 1 | 0 | 10 | 50 | 50.00 | 1 | 1 |
Other Science: Earth Science | 0 | 1 | 0 | 0 | 10 | 103 | 103.00 | 1 | 1 |
Other Science: Computer Science | 0 | 1 | 0 | 1 | 10 | 134 | 134.00 | 0 | 0 |
History - European History | 1 | 0 | 1 | 0 | 10 | 54 | 54.00 | 1 | 1 |
Literature - American Literature | 0 | 1 | 0 | 1 | 10 | 133 | 133.00 | 0 | 0 |
Literature - European Literature | 0 | 1 | 0 | 0 | 10 | 82 | 82.00 | 0 | 1 |
Science - Biology | 0 | 1 | 0 | 1 | 10 | 141 | 141.00 | 0 | 0 |
Chemistry> | 0 | 1 | 0 | 0 | 10 | 97 | 97.00 | 0 | 1 |
Science - Chemistry | 0 | 1 | 1 | 0 | 5 | 96 | 96.00 | 1 | 1 |
Other Academic | 0 | 1 | 1 | 1 | 5 | 132 | 132.00 | 0 | 0 |
Other Science: Math | 0 | 1 | 1 | 0 | 5 | 93 | 93.00 | 0 | 1 |
Other Arts: Visual | 0 | 1 | 1 | 1 | 5 | 135 | 135.00 | 0 | 1 |
History - World History | 0 | 0 | 1 | 0 | -5 | | 0.00 | 0 | 0 |